Aktuálne o akupunktúre

Bibliographic Details
Main Author: Šmirala, Jozef, 1935-2014 (Author)
Format: Article
Language:Slovak
Subjects:

MARC

LEADER 00000nab a2200000 a 4500
001 vtls000208060
003 SK-MaSNL
005 20260302203414.0
008 220422c1985 xo 0 slo
015 |a SNBRB19rr/mm-uuuuu 
035 |a CL0218173 
040 |a SNKBUCL  |b slo  |c SNKBUCL  |e AACR2 
041 0 |a slo 
044 |a xo  |c SK 
080 |a 615.814.1:061.3  |2 1981 
080 |a 061.3  |2 1981 
100 1 |a Šmirala, Jozef,  |d 1935-2014  |4 aut  |9 5013 
245 1 0 |a Aktuálne o akupunktúre  |c Jozef Šmirala 
650 0 7 |a akupunktúra  |2 snkbucl  |9 2623 
651 7 |a 5100  |2 snkbucl  |9 166206 
655 7 |a články z novín a časopisov  |2 snkbucl  |9 267496 
773 0 |t Nové slovo  |g Roč. 27, č. 8 (1985), s. 8 
850 |a Slovenská národná knižnica v Martine  |a MTA001 
852 |a SNK  |b KIS3GCP 
958 |a RK 
958 |a ME 
992 |a RBX 
999 |c 1469088  |d 1471018